00420pab a2200145 454500008004000000100002400040245007500064260000900139300001300148362000800161650002700169650002900196650002000225773002900245180718b2000 xxu||||| |||| 00| 0 eng d aEdebalk, Per Gunnar aEmergence of a welfare state - social insurance in Sweden in the 1910s c2000 ap.537-51 aOct aSweden - Social policy aSocial security - Sweden aSocial security aJournal of Social Policy